| 000 | 00631nam a2200253 a 4500 | ||
|---|---|---|---|
| 001 | nice12345678 | ||
| 003 | IN_TiNIC | ||
| 005 | 20260116014624.0 | ||
| 008 | 070402s0000 newa grp 000 0 eng | ||
| 020 |
_a8171513492 _c65 |
||
| 082 | 0 | 0 |
_a891.51 _bDAV |
| 100 | _aDavis, F Hadland | ||
| 245 |
_aRumi _b The Persian Mystics |
||
| 260 |
_aNew Delhi _bKitab Bhavan _c0000 |
||
| 300 | _a118p | ||
| 500 | _aincludes index and biblioraphy | ||
| 505 | 2 | _aappendix | |
| 650 | _aPersian Poetry | ||
| 650 | _aJami, Abdur Rahman-Poetry | ||
| 700 | 1 | _aDavis, F Hadland | |
| 902 | _bSRS | ||
| 942 | _cBK | ||
| 999 |
_c16266 _d16266 |
||